| 000 | 00706nam a2200217Ia 4500 | ||
|---|---|---|---|
| 003 | GCL | ||
| 008 | 140319s9999 xx 000 0 ara d | ||
| 020 | _a?669119977 | ||
| 040 |
_aGCL / _cGCL |
||
| 082 | 0 | 4 |
_a937.06 _bع ر |
| 100 | 1 | _aعرفان شهيد | |
| 245 | 1 | 0 |
_aروما والعرب : _bمقدمة لدراسة بيزنطة والعرب / _cعرفان شهيد |
| 260 |
_aالقاهرة : _bمكتبة الانجلوالمصرية |
||
| 300 |
_a335 ص ؛ _c24 سم |
||
| 650 | 0 | 4 | _aالعرب والروم |
| 650 | 0 | 4 | _aاباطرة الرومان |
| 650 | 0 | 4 | _aالروم |
| 650 | 0 | 4 | _aالامبراطورية البيزنطية |
| 650 | 0 | 4 | _aالروم - تاريخ |
| 942 |
_2ddc _cBK |
||
| 999 |
_c6053 _d6053 |
||